000 00785nam a2200217 a 4500
003 CBULib
005 20240718133816.0
008 120626s2011 ||||||||||||||||| || u
040 _aCBULib
_bEnglish
_cCBULib
_dCBULib
_erda
050 _aUN-ECE(02)2011/20
110 _aUnited Nations Economic Commission for Europe (UNECE)
245 1 4 _aThe impact of globalization on national accounts
_c/by United Nations Economic Commission for Europe [UN-ECE]
260 _aGeneva:
_bUnited Nations
_c2011
300 _axiv, 305pages.: illustrations
336 _2rdacontent
_aText |
_btxt
337 _2rdamedia
_aUnmediated |
_bn
338 _2rdacarrier
_aVolume
_bnc
650 0 _aGLOBALIZATION--ACCOUNTS
_93133
942 _2mc
_c029
999 _c46276
_d46276